000 00349 a2200169 4500
001 186484
020 _a85-16-02588-8
040 _cMagnum
100 _aFurnari, Eva
240 1 0 _aUmbigo indiscreto
_lpor
245 1 0 _aUmbigo indiscreto
300 _a32
362 0 _a2000
440 1 _aModerna
697 _aLITERATURA INFANTO
942 _cBK
999 _c186484
_d186484